000 00296nam a22001337a 4500
008 170328b xxu||||| |||| 00| 0 eng d
020 _a9780801664045
041 _aeng
080 _29ED
_a796.3
100 _a8
101 _aSHM
245 _aSTRUCTURE FUNCTION
_cTHIBODEAU.G.A
942 _2udc
_cBK
999 _c8852
_d8852